Die Dinos sind los! - Statistiken

Allgemein
  • Dieses Quiz wurde 25 mal gespielt
  • Das Durchschnittsergebnis liegt bei 11 aus 16
Antwortstatistiken
Bildquiz Antwort % Korrekt
Triceratops
100%
Tyrannosaurus rex
96%
Ankylosaurus
92%
Stegosaurus
92%
Spinosaurus
88%
Velociraptor
88%
Mosasaurus
68%
Pteranodon
64%
Carnotaurus
60%
Dilophosaurus
60%
Parasaurolophus
60%
Gallimimus
56%
Indominus rex
48%
Indoraptor
44%
Pachycephalosaurus
44%
Ceratosaurus
40%
Keine übereinstimmenden Quizze gefunden
Verteilung der Resultate
Anzahl Personen mit jedem Resultat
Perzentil nach korrekt beantworteten Fragen
Ihre Resultats-Entwicklung
Sie haben dieses Quiz noch nicht gespielt